Nemáme na vybranou /

Psychologická novela, ve které dva mladí hrdinové hledají v nové vlasti svou identitu.

Uloženo v:
Hlavní autor: Lustig, Arnošt, 1926-2011 (Autor)
Médium: E-kniha
Jazyk:Czech
Vydáno: Praha : Městská knihovna v Praze, 2026
Vydání:V MKP 1. elektronické vydání
Témata:
On-line přístup:Odkaz na plný text
Plný text
Plný text
Plný text
Obálka
Tagy:
Žádné tagy
LEADER 02705nam a2200397 i 4500
001 5213177
003 CZ-PrMKP
005 20260413131618.8
007 ta
008 260304s2026----xr-----go-----000-f-cze--
020 |a 978-80-274-4924-8  |q (online ;  |q pdf) 
020 |a 978-80-274-4923-1  |q (online ;  |q epub) 
020 |a 978-80-274-4925-5  |q (online ;  |q prc) 
040 |a ABG001  |b cze  |e rda 
072 7 |a 821.162.3-3  |x Česká próza  |2 Konspekt  |9 25 
080 |a 821.162.3-32  |2 MRF_2003 
080 |a (0:82-32)  |2 MRF_2003 
100 1 |a Lustig, Arnošt,  |d 1926-2011  |7 jk01072683  |4 aut 
245 1 0 |a Nemáme na vybranou /  |c Arnošt Lustig 
250 |a V MKP 1. elektronické vydání 
264 1 |a Praha :  |b Městská knihovna v Praze,  |c 2026 
300 |a 1 online zdroj (212 stran) ; 
336 |a text  |b txt  |2 rdacontent 
337 |a počítač  |b c  |2 rdamedia 
338 |a online zdroj  |b cr  |2 rdacarrier 
500 |a Jubilejní edice k 100. výročí narození Arnošta Lustiga 
520 2 |a Psychologická novela, ve které dva mladí hrdinové hledají v nové vlasti svou identitu.  |b Pilot Johny a válečný dopisovatel Dany se setkávají krátce po válce v Izraeli. Oba se znají z Československa, kde Johny prodělal letecký výcvik a Dany byl novinářem. Během jednoho dne příměří v izraelsko - arabském konfliktu dozrává nejen jejich přátelství, ale i oni sami. Johny osnuje plán pomsty vůči arabské vesnici, která umučila dva jeho kamarády. Ve filozofujících rozhovorech řeší mladíci svou traumatickou minulost, otázku, zda lze mít ještě víru v budoucnost, je-li možné právo na pomstu zaměnit za touhu po spravedlnosti, existuje-li spojnice mezi krutostí a snahou po usmíření. Edice Lustigových děl v elektronické podobě vznikla ve spolupráci s Prahou městem literatury v rámci projektu Nadačního fondu Arnošta Lustiga s názvem FestivAL100, jímž se oslavilo 100. výročí spisovatelova narození. Ke zpracování bylo zvoleno vždy poslední knižní vydání za autorova života, kde provedl definitivní úpravy textu. 
655 7 |a české novely  |7 fd133969  |2 czenas 
655 9 |a Czech novellas  |2 eczenas 
710 2 |a Městská knihovna (Praha, Česko)  |7 kn20010709068  |4 pbl 
856 4 1 |u http://search.mlp.cz/searchMKP.jsp?action=sTitul&key=5213177  |y Odkaz na plný text 
856 4 1 |q epub  |u https://web2.mlp.cz/koweb/00/05/21/31/77/nemame_na_vybranou.epub  |y Plný text 
856 4 1 |q pdf  |u https://web2.mlp.cz/koweb/00/05/21/31/77/nemame_na_vybranou.pdf  |y Plný text 
856 4 1 |q prc  |u https://web2.mlp.cz/koweb/00/05/21/31/77/nemame_na_vybranou.prc  |y Plný text 
856 4 1 |u https://web2.mlp.cz/koweb/00/05/21/31/77.jpg  |y Obálka 
910 |a ABG001